[Event "Tournoi Skype 010"]
[Site "Skype"]
[Date "????.??.??"]
[Round "7.28"]
[White "Legueltel, Daniel"]
[Black "Prasad, Sanjay"]
[Result "1-0"]
[WhiteElo "1719"]
[BlackElo "1399"]
[PlyCount "45"]

1. d4 d5 2. c4 e6 3. Nc3 c6 4. e3 Nf6 5. Nf3 h6 6. Bd3 Be7 7. O-O Nbd7 8. e4
dxe4 9. Nxe4 Nxe4 10. Bxe4 Nf6 11. Bc2 O-O 12. Be3 Qc7 13. Qd3 c5 14. Rfd1 Rd8
15. Qc3 cxd4 16. Bxd4 Bc5 17. Bxf6 Rxd1+ 18. Rxd1 gxf6 19. Qxf6 Bf8 20. Rd4 h5
21. Ng5 Bg7 22. Bh7+ Kf8 23. Rd8+ 1-0

[Event "Tournoi Skype 010"]
[Site "Skype"]
[Date "????.??.??"]
[Round "7.29"]
[White "Coruble, Didier"]
[Black "Belazzoug, Farid"]
[Result "1/2-1/2"]
[WhiteElo "1402"]
[BlackElo "1686"]
[PlyCount "44"]

1. b3 d5 2. Bb2 Nf6 3. e3 Bf5 4. d4 c5 5. c3 cxd4 6. cxd4 Nc6 7. Bb5 Bd7 8. Nc3
e6 9. a3 Bd6 10. Nf3 Rc8 11. b4 O-O 12. O-O a6 13. Ba4 b5 14. Bc2 Qc7 15. Ne2
Ng4 16. Ng3 Bxg3 17. hxg3 h6 18. Qd3 Nf6 19. Ne5 Nxe5 20. dxe5 Qxc2 21. Qxc2
Rxc2 22. Bd4 Nh7 1/2-1/2

[Event "Tournoi Skype 010"]
[Site "Skype"]
[Date "????.??.??"]
[Round "7.30"]
[White "Yeter, Orhan"]
[Black "Gerbaux, Regis"]
[Result "1-0"]
[WhiteElo "1399"]
[BlackElo "1422"]
[PlyCount "115"]

1. e4 c5 2. f4 d6 3. Nc3 Nf6 4. Nf3 Nc6 5. d3 Bg4 6. Be3 a6 7. h3 Bh5 8. g4
Bxg4 9. hxg4 Nxg4 10. Bd2 Qb6 11. Nd5 Qd8 12. Ng5 Nf6 13. Nxf6+ exf6 14. Nxh7
Qe7 15. Nxf6+ Qxf6 16. Rxh8 g5 17. Bc3 Qxf4 18. Qh5 O-O-O 19. Bh3+ Kb8 20. Bd2
Qg3+ 21. Kd1 Qg1+ 22. Be1 Ne5 23. Qe2 Ka7 24. Bf1 Qd4 25. Bf2 Qxb2 26. Rc1 Nxd3
27. Qxd3 Qxh8 28. Rb1 Be7 29. Qb3 Qh5+ 30. Be2 Qh1+ 31. Be1 Qxe4 32. Bd3 Qc6
33. Ba5 Rh8 34. Bb6+ Ka8 35. Qxf7 Qh1+ 36. Bf1 Qh5+ 37. Qxh5 Rxh5 38. Bg2 Bf6
39. Bc7 Be5 40. Bxb7+ Ka7 41. Bb6+ Kxb7 42. Bxc5+ Ka8 43. Rb6 dxc5 44. Rxa6+
Kb7 45. Ra5 Rh1+ 46. Ke2 Kb6 47. Ra4 Rc1 48. c4 Rc2+ 49. Kd3 Rc3+ 50. Ke4 g4
51. Kxe5 g3 52. Ra8 g2 53. Rg8 Re3+ 54. Kf4 Re2 55. Kf3 Rxa2 56. Rg6+ Kb7 57.
Rg5 g1=Q 58. Rxg1 1-0

[Event "Tournoi Skype 010"]
[Site "Skype"]
[Date "????.??.??"]
[Round "7.32"]
[White "Martin, Jean-Claude"]
[Black "Antonic, Nenad"]
[Result "0-1"]
[WhiteElo "1290"]
[BlackElo "1488"]
[PlyCount "40"]

1. d4 d5 2. c4 Nf6 3. Nc3 c6 4. Nf3 dxc4 5. e4 b5 6. e5 Nd5 7. Nxd5 cxd5 8. Be2
Nc6 9. Bd2 Bf5 10. O-O g6 11. b3 Na5 12. b4 Nc6 13. a3 h5 14. h3 Bg7 15. Nh4
Bd7 16. Bc3 g5 17. Nf3 g4 18. hxg4 hxg4 19. Ng5 e6 20. Bxg4 Qxg5 0-1

[Event "Tournoi Skype 010"]
[Site "Skype"]
[Date "????.??.??"]
[Round "7.33"]
[White "Vervoort, Jean-Louis"]
[Black "Alverson, Ginny"]
[Result "1-0"]
[WhiteElo "1269"]
[BlackElo "1399"]
[PlyCount "27"]

1. e4 c5 2. c3 Nc6 3. Nf3 Nf6 4. Qe2 d6 5. d4 Bg4 6. d5 Ne5 7. Bf4 Nxf3+ 8.
gxf3 Qd7 9. fxg4 Nxg4 10. Bh3 f5 11. f3 O-O-O 12. fxg4 fxg4 13. Bxg4 e6 14.
Bxe6 1-0

[Event "Tournoi Skype 010"]
[Site "Skype"]
[Date "????.??.??"]
[Round "7.34"]
[White "Dhenain, Sebastien"]
[Black "Capdeville, Bastien"]
[Result "0-1"]
[WhiteElo "1227"]
[BlackElo "1399"]
[PlyCount "94"]

1. e4 e5 2. Nf3 d6 3. Bb5+ Nd7 4. O-O Be7 5. d4 a6 6. Ba4 exd4 7. Qxd4 Ngf6 8.
e5 dxe5 9. Nxe5 O-O 10. Nxd7 Bxd7 11. Bxd7 Qxd7 12. Qxd7 Nxd7 13. Nc3 c6 14.
Re1 Rfe8 15. a4 h6 16. g3 Bb4 17. Rxe8+ Rxe8 18. Bd2 a5 19. Rd1 Ne5 20. Kg2 Nc4
21. b3 Nxd2 22. Na2 Rd8 23. Nxb4 axb4 24. f3 c5 25. Re1 Rd7 26. Rd1 b6 27. Kf2
Rd4 28. Ke2 Nxb3 29. Rxd4 Nxd4+ 30. Ke3 Nxc2+ 31. Kd3 Nd4 32. f4 f5 33. h4 h5
34. Kc4 b3 35. Kc3 g6 36. Kb2 c4 37. Kc3 Ne2+ 38. Kb2 Nxg3 39. Kc3 Ne4+ 40. Kb2
Nc5 41. Kc3 Nxa4+ 42. Kd2 c3+ 43. Kc1 b2+ 44. Kc2 b5 45. Kb1 b4 46. Kc2 b3+ 47.
Kb1 c2# 0-1

[Event "Tournoi Skype 010"]
[Site "Skype"]
[Date "????.??.??"]
[Round "7.35"]
[White "Raheja, Shiv"]
[Black "Armingaud, Jean-Claude"]
[Result "0-1"]
[WhiteElo "1335"]
[BlackElo "1142"]
[PlyCount "32"]

1. e4 e5 2. Nf3 Nf6 3. Nc3 Nc6 4. Bc4 Bc5 5. Ng5 O-O 6. Qf3 Qe7 7. Qg3 d6 8. h3
Nh5 9. Qh4 g6 10. Be2 f6 11. Nd5 Qg7 12. Bxh5 fxg5 13. Qxg5 gxh5 14. Qxh5 Qxg2
15. Rf1 Bxf2+ 16. Kd1 Qxf1# 0-1

[Event "Tournoi Skype 010"]
[Site "Skype"]
[Date "????.??.??"]
[Round "7.36"]
[White "Lequeux, Pierre"]
[Black "Prasad Singh, Ambika"]
[Result "1-0"]
[WhiteElo "1000"]
[BlackElo "1330"]
[PlyCount "41"]

1. Nf3 d5 2. d4 Nf6 3. Nc3 e6 4. a3 Bd6 5. e3 a6 6. Be2 O-O 7. Bd2 Nbd7 8. O-O
e5 9. dxe5 Nxe5 10. g3 Re8 11. Re1 b5 12. b4 Bb7 13. Rb1 Rc8 14. a4 c5 15. axb5
cxb4 16. Na2 a5 17. c3 bxc3 18. Bxc3 Ne4 19. Bb2 Nc4 20. Qd4 Bc5 21. Qxg7# 1-0

[Event "Tournoi Skype 010"]
[Site "Skype"]
[Date "????.??.??"]
[Round "7.38"]
[White "Ryan, Lea"]
[Black "Marty, Yvette"]
[Result "1-0"]
[WhiteElo "1300"]
[BlackElo "1000"]
[PlyCount "47"]

1. d4 c6 2. c3 d5 3. Bf4 e6 4. Qc2 Be7 5. Nd2 Na6 6. e4 Nf6 7. Bd3 Nc7 8. Ngf3
O-O 9. O-O c5 10. e5 Ne4 11. Nxe4 dxe4 12. Bxe4 cxd4 13. Bxh7+ Kh8 14. Rad1 f5
15. exf6 Rxf6 16. Rxd4 Nd5 17. c4 Nxf4 18. Rxd8+ Bxd8 19. Rd1 Be7 20. Qa4 Kxh7
21. Qe8 Bc5 22. Ng5+ Kh6 23. h4 Rg6 24. Qh8# 1-0

[Event "Tournoi Skype 010"]
[Site "Skype"]
[Date "????.??.??"]
[Round "7.39"]
[White "Tamditi, Ibrahim"]
[Black "Talbot, Jean"]
[Result "1-0"]
[WhiteElo "1209"]
[BlackElo "1399"]
[PlyCount "57"]

1. e4 e5 2. Nf3 Nc6 3. d4 exd4 4. Nxd4 Nxd4 5. Qxd4 c5 6. Qe5+ Qe7 7. Qxe7+
Bxe7 8. e5 f6 9. Bc4 fxe5 10. Bxg8 Rxg8 11. O-O d5 12. Nc3 d4 13. Nd5 Be6 14.
Nc7+ Kd7 15. Nxa8 Rxa8 16. Re1 Bd6 17. Bd2 a5 18. Rad1 b5 19. c3 Bxa2 20. cxd4
cxd4 21. Ra1 Bc4 22. Bxa5 b4 23. Rec1 Rc8 24. Bxb4 Bxb4 25. Ra7+ Ke6 26. Rxg7
Bd2 27. Rc2 Kf6 28. Rxh7 Bd3 29. Rxc8 1-0

[Event "Tournoi Skype 010"]
[Site "Skype"]
[Date "????.??.??"]
[Round "7.40"]
[White "Gagnon, Sindy"]
[Black "Blaevoet, Rebecca"]
[Result "0-1"]
[WhiteElo "1077"]
[BlackElo "1172"]
[PlyCount "54"]

1. d4 Nf6 2. Nf3 d5 3. e3 e6 4. Bd3 Be7 5. O-O O-O 6. Nbd2 a6 7. Re1 b5 8. b3
c6 9. Bb2 Qd6 10. Rb1 Bd8 11. e4 dxe4 12. Nxe4 Nxe4 13. Bxe4 h6 14. c3 a5 15.
Bc2 Ba6 16. Qd3 Re8 17. Ba3 Qxa3 18. Ne5 b4 19. cxb4 Bxd3 20. Bxd3 axb4 21. f4
Qxa2 22. g4 Bb6 23. Rf1 Bxd4+ 24. Kh1 Qd2 25. Be4 Ra2 26. f5 Bxe5 27. Rbc1
Qxh2# 0-1